000 00821nam a22002177a 4500
999 _c2489
_d2489
003 AR-CdUCM
008 190304b ||||| |||| 00| 0 spa d
040 _aMUNICIPALIDAD PROVINCIAL DEL CUSCO
_cBIBLIOTECA MUNICIPAL DEL CUSCO
082 _a340.1 /
_bC25
100 _aCanal Ccarhuarupay, José
_98874
245 _aJueces Andinos :
_bRondas Campesinas Administración de Justicia en el Valle del Vilcanota Urcos /
260 _aLima :
_bImprenta Pozo,
_c2001.
300 _a108 paginas ;
_bIlustraciones,
_c21cm.
505 _aContenido -- problematica de la Justicia -- Objetivos -- Marco conceptual -- Tipos de sancion -- Mecanismos de sanción...
650 _aJusticia
_98875
650 _aPerú
_935
650 _aLiteratura
_983
700 _aPozo Cevallos, Dante
_98876
942 _2ddc
_cLIBROS
945 _apjha